00321nam a2200133Ia 45000030006000000080041000060400015000471000018000622450046000802500010001262600022001365460012001580050017001700STCL150530s9999 xx 000 0 und d aSTCLcSTCL aGeorge Seaver aFrancis Young husband Explorer and Mystic aFirst bJohn Murrayc1952 aEnglish20220125171413.0